| 000 | 02162nam a2200505 i 4500 | ||
|---|---|---|---|
| 001 | 15057 | ||
| 003 | KOSZ 005 | ||
| 005 | 20220720115434.0 | ||
| 008 | 200307s1972 pl a f 000 0 pol | ||
| 015 | _aUWD 1972/8364 | ||
| 035 | _a991037531109705066 | ||
| 035 | _a(PL-WaBN)b20063684-48omnis_nlop | ||
| 035 | _ab20063684 | ||
| 035 | _a(OCoLC)839014160 | ||
| 035 | _a(PL)b0000002006368 | ||
| 035 | _a(EXLNZ-48OMNIS_NETWORK)9910503916405606 | ||
| 040 |
_aWA N _cWA N _dKOSZ 005/RW _dKOSZ 005/HR |
||
| 041 | 1 |
_apol _hrus |
|
| 046 | _k1969 | ||
| 080 | _a621.01 | ||
| 080 | _a658.5 | ||
| 100 | 1 |
_aKubarev, Aleksandr Iosofovič _eAutor |
|
| 245 | 1 | 0 |
_aUnifikacja w budowie maszyn : _bustalanie szeregów typowymiarowych / _cA. I. Kubariew ; z rosyjskiego tłumaczyli T. Bojańczyk, M. Dworczyk. |
| 246 | 1 |
_iTytuł oryginału: _aUnifikaciâ v mašinostroenii |
|
| 260 |
_aWarszawa : _bWydawnictwa Normalizacyjne, _c1972. |
||
| 300 |
_a216 stron, [3] karty tablic : _bilustracje ; _c21 cm. |
||
| 336 |
_aTekst _btxt _2rdacontent |
||
| 337 |
_aBez urządzenia pośredniczącego _bn _2rdamedia |
||
| 338 |
_aWolumin _bnc _2rdacarrier |
||
| 380 | _aKsiążki | ||
| 380 | _aPublikacje fachowe | ||
| 388 | _a1901-2000 | ||
| 504 | _aBibliografia na stronach 212-[213]. | ||
| 521 | 8 | _aKsiążka jest przeznaczona dla inżynierów i techników zajmujących się zasadami organizacji produkcji, której jedynym z podstawowych elementów jest zagadnienie typizacji i unifikacji wyrobów. Może ona również stanowic cenną pomoc dla pracowników naukowych opracowujących teoretyczne i metodyczne podstawy normalizacji. | |
| 650 | 7 |
_aPrzemysł maszynowy _2DBN |
|
| 650 | 7 | _aOrganizacja | |
| 650 | 7 |
_a Konstrukcja maszyn i urządzeń _2DBN |
|
| 658 | _aInżynieria i technika | ||
| 700 | 1 |
_aBojańczyk, Tadeusz _eTłumaczenie |
|
| 700 | 1 |
_aDworczyk, Mieczysław _d(1923-2010) _eTłumaczenie |
|
| 710 | 2 |
_aWydawnictwa Normalizacyjne _4pbl |
|
| 856 |
_uhttp://koha.tu.koszalin.pl/cgi-bin/koha/opac-detail.pl?biblionumber=15057 _yKatalog online BPK |
||
| 942 |
_2UKD _cKS |
||
| 999 |
_c15057 _d15057 |
||